Firing Costs: Eurosclerosis or Eurosuccesses? (Record no. 4359)

MARC details
000 -LEADER
fixed length control field 00559nam a22002177i 4500
001 - CONTROL NUMBER
control field 4440
003 - CONTROL NUMBER IDENTIFIER
control field OSt
005 - DATE AND TIME OF LATEST TRANSACTION
control field 20170126082335.0
007 - PHYSICAL DESCRIPTION FIXED FIELD--GENERAL INFORMATION
fixed length control field tu
008 - FIXED-LENGTH DATA ELEMENTS--GENERAL INFORMATION
fixed length control field 161220s1999 xxu||||| |||| 00| 0 d
024 7# - OTHER STANDARD IDENTIFIER
Standard number or code 4439
Source of number or code RID
040 ## - CATALOGING SOURCE
Transcribing agency OSt
084 ## - OTHER CLASSIFICATION NUMBER
Classification number 12.31
-- 19.20
Number source z
100 1# - MAIN ENTRY--PERSONAL NAME
Personal name Chen, Yu-Fu
245 00 - TITLE STATEMENT
Title Firing Costs: Eurosclerosis or Eurosuccesses?
260 ## - PUBLICATION, DISTRIBUTION, ETC.
Place of publication, distribution, etc. Hamburg :
Name of publisher, distributor, etc. HWWA-Institut für Wirtschaftsforschung,Hamburg,
Date of publication, distribution, etc. 1999.
300 ## - PHYSICAL DESCRIPTION
Extent 22 S. ;
Dimensions 30cm.
490 ## - SERIES STATEMENT
Series statement HWWA-Diskussionspapier
Volume/sequential designation 78
700 1# - ADDED ENTRY--PERSONAL NAME
Personal name Snower, Dennis
700 1# - ADDED ENTRY--PERSONAL NAME
Personal name Zoega, Gylfi
942 ## - ADDED ENTRY ELEMENTS (KOHA)
Koha item type Book
Holdings
Withdrawn status Lost status Damaged status Not for loan Home library Current library Shelving location Date acquired Inventory number Total Checkouts Full call number Barcode Date last seen Price effective from Koha item type
        WIIW WIIW Library 11/10/1999 4440   II-6.122/78 304438 01/26/2017 01/26/2017 Book
The Vienna Instiute for International Economic Studies (wiiw)